El país imaginado / (Registro nro. 38419)
[ vista simple ]
| 000 -CABECERA | |
|---|---|
| Longitud fija campo de control | 01043nam a2200325 a 4500 |
| 003 - IDENTIFICADOR DEL NUMERO DE CONTROL | |
| Identificador del número de control | CO-BoRNBP |
| 005 - FECHA Y HORA DE LA ULTIMA TRANSACCION | |
| Fecha y hora de la última transacción | 20241010082730.0 |
| 007 - CAMPO FIJO DE DESCRIPCION FISICA | |
| Campo fijo de descripción física | ta |
| 008 - CODIGOS DE INFORMACION DE LONGITUD FIJA | |
| Códigos de información de longitud fija | 150302s2013 ck a gr 0001f spa d |
| 020 ## - NUMERO INTERNACIONAL NORMALIZADO PARA LIBROS | |
| Número Internacional Normalizado para Libros (ISBN) | 9789586652551 |
| 040 ## - FUENTE DE LA CATALOGACION | |
| Centro catalogador de origen | CO-BoBLA |
| Lengua de catalogación | spa |
| Centro transcriptor | CO-BoBLA |
| Normas de descripción | rda |
| 043 ## - CODIGO DE AREA GEOGRAFICA | |
| Código de área geográfica | a-cc--- |
| 082 04 - NUMERO DE LA CLASIFICACION DECIMAL DEWEY | |
| Número de edición | 21 |
| 084 ## - Clasificación Local Alfanúmerica PNLB | |
| Número de clasificación | N BER19 |
| 100 1# - PUNTO DE ACCESO PRINCIPAL-NOMBRE DE PERSONA | |
| Nombre de persona | Berti, Eduardo, |
| Fechas asociadas al nombre | 1964- |
| 245 13 - TITULO PROPIAMENTE DICHO | |
| Título | El país imaginado / |
| Mención de responsabilidad, etc. | Eduardo Berti ; con una introducción de Alberto Manguel. |
| 250 ## - MENCION DE EDICION | |
| Mención de edición | Primera edición |
| 300 ## - DESCRIPCION FISICA | |
| Extensión | 235 páginas ; |
| Dimensiones | 20 cm. |
| 336 ## - TIPO DE CONTENIDO | |
| Fuente | rdacontenido |
| Término de tipo de contenido | texto |
| Código de tipo de contenido | txt |
| 337 ## - TIPO DE MEDIO | |
| Fuente | rdamedio |
| Nombre del tipo de medio | sin mediación |
| Código del tipo de medio | n |
| 338 ## - TIPO DE SOPORTE | |
| Fuente | rdasoporte |
| Nombre del tipo de soporte | volumen |
| Código del tipo de soporte | nc |
| 650 #7 - PUNTO DE ACCESO ADICIONAL DE MATERIA - TERMINO DE MATERIA | |
| Término de materia o nombre geográfico como elemento inicial | Aves |
| Subdivisión de forma | Novela. |
| Fuente del encabezamiento | BLAAUTO |
| 650 #7 - PUNTO DE ACCESO ADICIONAL DE MATERIA - TERMINO DE MATERIA | |
| Término de materia o nombre geográfico como elemento inicial | Amistad |
| Subdivisión de forma | Novela. |
| Fuente del encabezamiento | BLAAUTO |
| 650 #7 - PUNTO DE ACCESO ADICIONAL DE MATERIA - TERMINO DE MATERIA | |
| Término de materia o nombre geográfico como elemento inicial | Niñez |
| Subdivisión de forma | Novela. |
| Fuente del encabezamiento | BLAAUTO |
| 651 #7 - PUNTO DE ACCESO ADICIONAL DE MATERIA - NOMBRE GEOGRAFICO | |
| Nombre geográfico | China |
| Subdivisión de materia general | Descripción |
| Subdivisión de forma | Novela. |
| 651 #7 - PUNTO DE ACCESO ADICIONAL DE MATERIA - NOMBRE GEOGRAFICO | |
| Nombre geográfico | China |
| Subdivisión de materia general | Vida social y costumbres |
| Subdivisión de forma | Novela. |
| 700 1# - PUNTO DE ACCESO ADICIONAL - NOMBRE DE PERSONA | |
| Nombre de persona | Manguel, Alberto, |
| Fechas asociadas al nombre | 1948- |
| Término indicativo de función | introducción. |
| 942 ## - ENTRADA DE ELEMENTOS AGREGADOS (KOHA) | |
| Fuente de clasificaión o esquema | Dewey Decimal Classification |
| Koha [por defecto] tipo de item | Libro Literatura |
| 949 ## - TRATAMIENTO DE LA INFORMACION LOCAL (OCLC) | |
| a | n |
| b | n |
| Perdido | Fuente de clasificación o esquema | Estado Físico | No para préstamo | Forma de adquisición | Localización permanente | Localización actual | Localización en estanterías | Fecha adquisición | Préstamos totales | Signatura completa | Código de barras | Fecha última consulta | Número de copia | Fecha del precio de reemplazo | Tipo de item de Koha | Note pública | Fuente de adquisición |
|---|---|---|---|---|---|---|---|---|---|---|---|---|---|---|---|---|---|
| Dewey Decimal Classification | Colección General | Biblioteca Pública Puerto López - Jorge Eliecer Gaitán | Biblioteca Pública Puerto López - Jorge Eliecer Gaitán | General | 10/07/2025 | N BER19 | PLZ03197 | 10/07/2025 | Ej.1 | 10/07/2025 | Libro Literatura | ||||||
| Dewey Decimal Classification | Colección General | Biblioteca Pública Puerto López - Jorge Eliecer Gaitán | Biblioteca Pública Puerto López - Jorge Eliecer Gaitán | General | 10/23/2025 | N BER19 | PLZ03708 | 10/23/2025 | Ej.1 | 10/23/2025 | Libro Literatura | ||||||
| Sala General | Biblioteca Pública Departamental Eduardo Carranza - Villavicencio | Biblioteca Pública Departamental Eduardo Carranza - Villavicencio | General | 12/09/2014 | N BER19 | ECA23345 | 11/26/2024 | Ej.1 | 11/26/2024 | LIbro | 17429 | 22358 | ||||||
| Dewey Decimal Classification | Literatura General | Biblioteca Pública Granada - Boca del Monte | Biblioteca Pública Granada - Boca del Monte | Literatura | 03/12/2026 | N BER19 | GRDA05230 | 03/12/2026 | Ej.1 | 03/12/2026 | Libro Literatura | BIBLIOTECA NACIONAL DE COLOMBIA | |||||
| Dewey Decimal Classification | Colección General | Biblioteca Pública Guamal | Biblioteca Pública Guamal | Literatura | 10/10/2024 | N BER19 | GUA004205 | 10/10/2024 | Ej.1 | 10/10/2024 | Libro Literatura | ||||||
| Dewey Decimal Classification | Colección General | Biblioteca Pública San Juanito - Ernesto Maria Peña Romero | Biblioteca Pública San Juanito - Ernesto Maria Peña Romero | Literatura | 07/25/2025 | N BER19 | SJU02113 | 07/25/2025 | Ej.1 | 07/25/2025 | LIbro |